[Event "Madrid San Viator op-B 31st"]
[Site "Madrid"]
[Date "2019.10.20"]
[Round "6"]
[White "Argelina Diaz, Juan Angel"]
[Black "Marcelo de la Mata, Daniel"]
[Result "0-1"]
[WhiteElo "1507"]
[BlackElo "1658"]
[PlyCount "22"]
[EventDate "2019.09.08"]
[EventType "swiss"]
[EventRounds "9"]
[EventCountry "ESP"]
[SourceTitle "EXT 2022"]
[Source "ChessBase"]
[SourceDate "2021.10.06"]
[SourceVersion "1"]
[SourceVersionDate "2021.10.06"]
[SourceQuality "1"]

1. e4 c5 2. Nf3 Nc6 3. d4 cxd4 4. Nxd4 e5 5. Nb3 Nf6 6. f3 d5 7. exd5 Nxd5 8. Bc4 Qh4+ 9. g3 Qxc4 10. Na3 Bxa3 11. bxa3 Bf5 0-1

[Event "Madrid-ch Previa-A"]
[Site "Madrid"]
[Date "2019.02.20"]
[Round "9"]
[White "Enriquez Pastor, Jorge"]
[Black "Marcelo de la Mata, Daniel"]
[Result "0-1"]
[WhiteElo "1492"]
[BlackElo "1649"]
[PlyCount "64"]
[EventDate "2019.02.04"]
[EventType "swiss"]
[EventRounds "9"]
[EventCountry "ESP"]
[SourceTitle "EXT 2021"]
[Source "ChessBase"]
[SourceDate "2020.10.23"]
[SourceVersion "1"]
[SourceVersionDate "2020.10.23"]
[SourceQuality "1"]

1. e4 c5 2. c4 e5 3. Nf3 d6 4. Nc3 Nf6 5. d3 Na6 6. Be2 Nc7 7. 0-0 Be7 8. Ne1 Ne6 9. f4 Nd4 10. Nf3 Bd7 11. fxe5 Nxf3+ 12. Bxf3 dxe5 13. Be3 a6 14. Rc1 Rc8 15. Be2 0-0 16. Nd5 Nxd5 17. cxd5 Bd6 18. Rf3 f5 19. Qf1 f4 20. Bd2 g5 21. g3 g4 22. Rf2 f3 23. Bd1 b5 24. Be3 h5 25. Qe1 Qf6 26. Qd2 Rf7 27. Bb3 Kh7 28. Bg5 Qg6 29. Qe3 c4 30. dxc4 Bc5 31. Qe1 Qxg5 32. cxb5 Bxf2+ 0-1

[Event "Madrid-ch Previa-A"]
[Site "Madrid"]
[Date "2019.02.18"]
[Round "7"]
[White "Marcelo de la Mata, Daniel"]
[Black "Ramos Antona, Enrique"]
[Result "1-0"]
[WhiteElo "1649"]
[BlackElo "1521"]
[PlyCount "95"]
[EventDate "2019.02.04"]
[EventType "swiss"]
[EventRounds "9"]
[EventCountry "ESP"]
[SourceTitle "EXT 2021"]
[Source "ChessBase"]
[SourceDate "2020.10.23"]
[SourceVersion "1"]
[SourceVersionDate "2020.10.23"]
[SourceQuality "1"]

1. e4 d6 2. Nc3 Nf6 3. g3 g6 4. Nf3 Bg4 5. Bg2 c6 6. 0-0 Bg7 7. d3 0-0 8. h3 Bxf3 9. Qxf3 Nbd7 10. Bd2 Qc7 11. Nd1 Nb6 12. Ne3 a5 13. Qe2 e5 14. f4 Nh5 15. Rf3 exf4 16. gxf4 Bxb2 17. Raf1 Bg7 18. f5 Nd7 19. Qf2 Ne5 20. Rf4 Nxf4 21. Qxf4 f6 22. d4 g5 23. Qf2 Nf7 24. Qe2 h6 25. Qh5 Nh8 26. Qe2 Rae8 27. Qc4+ Qf7 28. d5 Rc8 29. Qb3 Kh7 30. Bxa5 Ra8 31. Be1 Ra6 32. Bg3 Qd7 33. Nc4 Nf7 34. dxc6 bxc6 35. Rd1 Qa7+ 36. Bf2 c5 37. Qc3 Qe7 38. a3 Rd8 39. Rb1 Qc7 40. Ne3 Ne5 41. Nc4 Bf8 42. Bf1 Rb8 43. Rxb8 Qxb8 44. Nxe5 dxe5 45. Bxa6 Qd6 46. Qd3 Qc7 47. Bc4 Kg7 48. Qd5 1-0

[Event "Madrid-ch Previa-A"]
[Site "Madrid"]
[Date "2018.02.14"]
[Round "6"]
[White "Marcelo de la Mata, Daniel"]
[Black "Hernandez Garcia, Carlos"]
[Result "0-1"]
[WhiteElo "1609"]
[BlackElo "1769"]
[PlyCount "62"]
[EventDate "2018.02.05"]
[EventType "swiss"]
[EventRounds "9"]
[EventCountry "ESP"]
[SourceTitle "EXT 2020"]
[Source "ChessBase"]
[SourceDate "2019.10.17"]
[SourceVersion "1"]
[SourceVersionDate "2019.10.17"]
[SourceQuality "1"]

1. e4 c5 2. Nc3 d6 3. Bb5+ Nd7 4. a4 Ngf6 5. f4 a6 6. Bc4 Nb6 7. Ba2 d5 8. e5 Bg4 9. Nf3 Ne4 10. Nxe4 dxe4 11. Bxf7+ Kd7 12. e6+ Kc8 13. h3 exf3 14. hxg4 fxg2 15. Rg1 Qd4 16. Rxg2 Qxf4 17. Qe2 g6 18. Ra3 Bg7 19. d3 Qxc1+ 20. Kf2 Qxb2 21. Rb3 Qd4+ 22. Kf1 Nxa4 23. Qf3 Qf6 24. Ke2 Qxf3+ 25. Kxf3 Nc3 26. Kf4 b5 27. Kg5 a5 28. Bxg6 Bf6+ 29. Kh6 hxg6+ 30. Kxg6 Rg8+ 31. Kf7 Rg7+ 0-1

[Event "Madrid-ch Previa-A"]
[Site "Madrid"]
[Date "2018.02.13"]
[Round "5"]
[White "Marcelo de la Mata, Daniel"]
[Black "Martin Consuegra, Barrilero Javier"]
[Result "1/2-1/2"]
[WhiteElo "1609"]
[BlackElo "1785"]
[PlyCount "71"]
[EventDate "2018.02.05"]
[EventType "swiss"]
[EventRounds "9"]
[EventCountry "ESP"]
[SourceTitle "EXT 2020"]
[Source "ChessBase"]
[SourceDate "2019.10.17"]
[SourceVersion "1"]
[SourceVersionDate "2019.10.17"]
[SourceQuality "1"]

1. c4 d6 2. g3 e5 3. Bg2 Nf6 4. Nc3 c6 5. d3 Be7 6. Nf3 0-0 7. 0-0 Na6 8. a3 Nc7 9. Bg5 Ne6 10. Bd2 Rb8 11. b4 Qc7 12. e3 a6 13. Qc2 b5 14. Rfc1 Qb6 15. Na2 Bb7 16. c5 Qc7 17. d4 exd4 18. Nxd4 Nxd4 19. exd4 Nd5 20. Nc3 Nxc3 21. Bxc3 Bf6 22. Qd3 dxc5 23. dxc5 Rbd8 24. Qf3 Bxc3 25. Rxc3 Qd7 26. Re1 Rfe8 27. Rce3 Rxe3 28. Qxe3 Kf8 29. Bh3 Qc7 30. Bf5 h6 31. Kg2 Bc8 32. Be4 Be6 33. f4 Qd7 34. Kg1 Rc8 35. Qf3 Bg4 36. Qf2 1/2-1/2

[Event "Madrid-ch Previa-A"]
[Site "Madrid"]
[Date "2018.02.07"]
[Round "3"]
[White "Rueda Maria, Ramiro"]
[Black "Marcelo de la Mata, Daniel"]
[Result "0-1"]
[WhiteElo "1820"]
[BlackElo "1609"]
[PlyCount "70"]
[EventDate "2018.02.05"]
[EventType "swiss"]
[EventRounds "9"]
[EventCountry "ESP"]
[SourceTitle "EXT 2020"]
[Source "ChessBase"]
[SourceDate "2019.10.17"]
[SourceVersion "1"]
[SourceVersionDate "2019.10.17"]
[SourceQuality "1"]

1. e4 c5 2. Nf3 Nc6 3. d4 cxd4 4. Nxd4 e5 5. Nf3 Nf6 6. Bg5 d6 7. Nc3 Be6 8. Bd3 Be7 9. 0-0 h6 10. Bxf6 Bxf6 11. h3 0-0 12. Qd2 a6 13. Rad1 Qc7 14. a3 Rac8 15. Ne2 Rfd8 16. Ng3 Ne7 17. Nh5 Kh7 18. c3 Ng8 19. Qe2 g6 20. Ng3 Bg7 21. Nh4 Qe7 22. Nhf5 Qf6 23. f4 Bb3 24. Rde1 b5 25. Nxg7 Kxg7 26. f5 Qg5 27. Rf3 Nf6 28. Qf2 Rf8 29. Be2 Bc2 30. Bd1 Bxd1 31. Rxd1 Rcd8 32. fxg6 fxg6 33. Nf5+ gxf5 34. Rg3 Ng4 35. exf5 Nxf2 0-1

[Event "Madrid San Viator op-B 29th"]
[Site "Madrid"]
[Date "2017.09.24"]
[Round "2"]
[White "Garcia Prada, Guillermo"]
[Black "Marcelo de la Mata, Daniel"]
[Result "1-0"]
[WhiteElo "1375"]
[BlackElo "1641"]
[PlyCount "111"]
[EventDate "2017.09.17"]
[EventType "swiss"]
[EventRounds "9"]
[EventCountry "ESP"]
[SourceTitle "EXT 2019"]
[Source "ChessBase"]
[SourceDate "2018.10.10"]
[SourceVersion "1"]
[SourceVersionDate "2018.10.10"]
[SourceQuality "1"]

1. e4 c6 2. Nf3 d5 3. Nc3 dxe4 4. Nxe4 Bf5 5. Ng3 Bg6 6. h4 h6 7. Ne5 Bh7 8. Qh5 g6 9. Qf3 Nf6 10. Qb3 Nd5 11. Qxb7 Qb6 12. Qc8+ Qd8 13. Qxd8+ Kxd8 14. Nxf7+ Ke8 15. Nxh8 Bg7 16. Bd3 Bxh8 17. 0-0 Nb4 18. Be4 h5 19. Nxh5 gxh5 20. Bxh7 Nd7 21. a3 Nd5 22. Bg6+ Kd8 23. Bxh5 Rb8 24. c3 Nf4 25. Bf3 c5 26. Rb1 Nd3 27. Be4 Nf4 28. Re1 Nf6 29. Bf5 N4d5 30. g4 Ne8 31. Be4 Nb6 32. f3 Nd6 33. b4 Nxe4 34. Rxe4 Nd5 35. Bb2 cxb4 36. cxb4 Bxb2 37. Rxb2 Kd7 38. Kf2 Kd6 39. Rc2 Rb5 40. Rd4 e5 41. Rd3 Ke6 42. Rc5 Nxb4 43. axb4 Rxb4 44. Rc6+ Kf7 45. Rd7+ Ke8 46. Rxa7 Rb5 47. Rc3 Rd5 48. Re3 Rd8 49. d4 Rxd4 50. Rxe5+ Kd8 51. Raa5 Rd2+ 52. Kg3 Rb2 53. h5 Kd7 54. h6 Rb6 55. h7 Rh6 56. Rh5 1-0

[Event "Madrid San Viator op-B 28th"]
[Site "Madrid"]
[Date "2017.04.09"]
[Round "3"]
[White "Marcelo de la Mata, Daniel"]
[Black "Carrasco Coquillat, Alvaro"]
[Result "0-1"]
[WhiteElo "1630"]
[BlackElo "1505"]
[PlyCount "76"]
[EventDate "2017.03.26"]
[EventType "swiss"]
[EventRounds "9"]
[EventCountry "ESP"]
[SourceTitle "EXT 2019"]
[Source "ChessBase"]
[SourceDate "2018.10.10"]
[SourceVersion "1"]
[SourceVersionDate "2018.10.10"]
[SourceQuality "1"]

1. e4 g6 2. Bc4 Bg7 3. c3 d6 4. d4 Nf6 5. Qc2 0-0 6. Nf3 Nbd7 7. 0-0 e5 8. Be3 Re8 9. Nbd2 a6 10. Ng5 Re7 11. Rad1 h6 12. Ngf3 b5 13. Bb3 Bb7 14. d5 Rc8 15. a4 c5 16. axb5 axb5 17. c4 b4 18. Ra1 Ra8 19. h3 Re8 20. Ba4 Rf8 21. Bxd7 Qxd7 22. Nb3 Qc7 23. Qd2 Kh7 24. g4 Nxe4 25. Qd3 f5 26. gxf5 gxf5 27. Nh4 Qd7 28. Kh2 Bf6 29. f3 Bxh4 30. fxe4 f4 31. Rxa8 Bg3+ 32. Kg2 Rxa8 33. Bf2 Rg8 34. Nd2 Rg6 35. Rh1 Qg7 36. Nf3 Bxf2+ 37. Kxf2 Rg2+ 38. Kf1 Qg3 0-1

[Event "Madrid San Viator op-B 27th"]
[Site "Madrid"]
[Date "2016.11.06"]
[Round "7"]
[White "Marcelo de la Mata, Daniel"]
[Black "Alcojor Patilla, Antonio"]
[Result "0-1"]
[WhiteElo "1661"]
[BlackElo "1521"]
[PlyCount "120"]
[EventDate "2016.09.25"]
[EventType "swiss"]
[EventRounds "9"]
[EventCountry "ESP"]
[SourceTitle "EXT 2019"]
[Source "ChessBase"]
[SourceDate "2018.10.10"]
[SourceVersion "1"]
[SourceVersionDate "2018.10.10"]
[SourceQuality "1"]

1. c4 d6 2. g3 Nf6 3. Nc3 g6 4. Bg2 Bg7 5. e3 0-0 6. Nge2 c5 7. 0-0 Nc6 8. a3 Qd7 9. Rb1 b6 10. d4 Rb8 11. Qa4 Na5 12. Qxd7 Nxd7 13. b3 Bb7 14. Bd2 Nc6 15. d5 Nce5 16. f4 Ng4 17. h3 Ngf6 18. Bf3 a6 19. Kg2 b5 20. cxb5 axb5 21. Nxb5 Bxd5 22. a4 Ne4 23. Ba5 f5 24. Rfd1 Ndf6 25. g4 fxg4 26. hxg4 Nxg4 27. Bxg4 Nd2+ 28. Kh2 Nxb1 29. Rxd5 h5 30. Be6+ Kh7 31. Rd1 Rf6 32. Bd5 e6 33. Bg2 Na3 34. Bc7 Rc8 35. Bxd6 Nc2 36. e4 Ne3 37. e5 Rf5 38. Rc1 c4 39. bxc4 Nxc4 40. Bh3 Nxd6 41. Nxd6 Rxc1 42. Nxf5 Ra1 43. Ned4 exf5 44. Ne6 Rxa4 45. Kg3 Ra6 46. Ng5+ Kg8 47. Bg2 Ra5 48. e6 Bf6 49. Bb7 Ra7 50. Bd5 Kf8 51. Nf3 h4+ 52. Nxh4 Ra3+ 53. Nf3 Ke7 54. Kf2 Kd6 55. Bc4 Rc3 56. Nd2 Rc2 57. Ke3 g5 58. Bb3 gxf4+ 59. Ke2 f3+ 60. Ke3 Bg5+ 0-1

[Event "Madrid-ch sf"]
[Site "Madrid"]
[Date "2016.02.16"]
[Round "5"]
[White "Jimenez Gonzalez, Marcos"]
[Black "Marcelo de la Mata, Daniel"]
[Result "0-1"]
[WhiteElo "1807"]
[BlackElo "1623"]
[PlyCount "144"]
[EventDate "2016.02.08"]
[EventType "swiss"]
[EventRounds "9"]
[EventCountry "ESP"]
[SourceTitle "CBM 171 Extra"]
[Source "ChessBase"]
[SourceDate "2016.04.26"]
[SourceVersion "1"]
[SourceVersionDate "2016.04.26"]
[SourceQuality "1"]

1. e4 c5 2. Nf3 d6 3. d4 cxd4 4. Nxd4 Nf6 5. Nc3 a6 6. Bg5 Nc6 7. Qd2 e6 8. 0-0-0 Be7 9. f4 Bd7 10. Nb3 Qc7 11. e5 dxe5 12. fxe5 Nd5 13. Nxd5 exd5 14. Bxe7 Nxe7 15. Bd3 Be6 16. Rde1 0-0 17. Rhf1 Nc6 18. Qf4 Qe7 19. Kb1 Rac8 20. Rf3 Qb4 21. Qg3 Qg4 22. Qf2 Qb4 23. Rg3 Rfe8 24. Rf1 Qe7 25. Qf4 Nb4 26. Qh6 g6 27. Nd4 Nxd3 28. Rxd3 Qc5 29. Rd2 Qc7 30. Qf4 b5 31. Rf3 Qe7 32. Nb3 Bf5 33. Nd4 Qxe5 34. Qxe5 Rxe5 35. Rf1 Be4 36. g3 f5 37. a3 Kf7 38. Ka2 Kf6 39. c3 Re7 40. h4 g5 41. h5 g4 42. Rdf2 Re5 43. Rf4 Kg5 44. R1f2 h6 45. Rh2 Rc5 46. Nb3 Rc7 47. Nd4 Bd3 48. Rd2 Be4 49. Rdf2 Rc4 50. Rh2 Bf3 51. Rd2 Rxd4 52. Rfxd4 Kxh5 53. Kb3 Kg5 54. Kb4 h5 55. Rh2 Be4 56. a4 f4 57. gxf4+ Kxf4 58. axb5 axb5 59. Rd1 g3 60. Rh4+ Ke3 61. Kc5 g2 62. Kd6 Rg5 63. Rh3+ Bf3 64. Re1+ Kf2 65. Rc1 g1Q 66. Rxg1 Rxg1 67. Kc5 Rh1 68. Rxh1 Bxh1 69. Kxb5 Ke3 70. Kc5 Kd3 71. b4 Kxc3 72. b5 d4 0-1

[Event "Madrid-ch sf"]
[Site "Madrid"]
[Date "2016.02.10"]
[Round "3"]
[White "Morona Minguez, Miguel"]
[Black "Marcelo de la Mata, Daniel"]
[Result "1-0"]
[WhiteElo "1927"]
[BlackElo "1623"]
[PlyCount "81"]
[EventDate "2016.02.08"]
[EventType "swiss"]
[EventRounds "9"]
[EventCountry "ESP"]
[SourceTitle "CBM 171 Extra"]
[Source "ChessBase"]
[SourceDate "2016.04.26"]
[SourceVersion "1"]
[SourceVersionDate "2016.04.26"]
[SourceQuality "1"]

1. e4 c6 2. d4 d5 3. e5 Bf5 4. Be3 Na6 5. Nd2 Nc7 6. Ngf3 e6 7. c3 Be7 8. Be2 h5 9. h4 Nh6 10. Bxh6 Rxh6 11. Qb3 b5 12. a4 a6 13. axb5 axb5 14. Rxa8 Qxa8 15. 0-0 Rg6 16. g3 f6 17. Kh2 Rh6 18. Re1 g5 19. exf6 Bd6 20. Nxg5 Rxf6 21. Bxh5+ Kd7 22. Qd1 Bd3 23. Ndf3 Bf5 24. Ne5+ Bxe5 25. dxe5 Rh6 26. g4 Bg6 27. Bxg6 Rxg6 28. f4 Qf8 29. Rf1 Qh6 30. Kg3 Rg8 31. Qd3 Rh8 32. h5 Ke7 33. Qg6 c5 34. f5 Qf8 35. f6+ Kd7 36. Qg7+ Kc6 37. Qxf8 Rxf8 38. f7 Kd7 39. Nh7 Ke7 40. Nxf8 Kxf8 41. h6 1-0

[Event "Madrid San Viator op-B 25th"]
[Site "Madrid"]
[Date "2015.11.15"]
[Round "8"]
[White "Marcelo de la Mata, Daniel"]
[Black "Dominguez Lerida, Nicolas"]
[Result "0-1"]
[WhiteElo "1656"]
[BlackElo "1509"]
[PlyCount "66"]
[EventDate "2015.10.04"]
[EventType "swiss"]
[EventRounds "9"]
[EventCountry "ESP"]
[SourceTitle "EXT 2019"]
[Source "ChessBase"]
[SourceDate "2018.10.10"]
[SourceVersion "1"]
[SourceVersionDate "2018.10.10"]
[SourceQuality "1"]

1. e4 c6 2. d4 d5 3. Nd2 dxe4 4. Nxe4 Bf5 5. Ng3 Bg6 6. h4 h6 7. h5 Bh7 8. Bd3 Qxd4 9. Nf3 Qd8 10. Ne5 Qa5+ 11. Kf1 Qxe5 12. Bxh7 Rxh7 13. Rh4 Qc7 14. Bf4 Qc8 15. Qd3 Nf6 16. Be5 Nbd7 17. Bc3 Qc7 18. Re1 0-0-0 19. Ra4 Nb6 20. Rd4 Rxd4 21. Qxd4 Qd7 22. Qc5 Qd5 23. Qa3 a6 24. Bb4 Ng8 25. b3 Nd7 26. Kg1 c5 27. Bc3 e6 28. Qc1 Ngf6 29. Rd1 Qg5 30. Rd2 Nd5 31. Bb2 Qe7 32. c4 N5f6 33. Qe1 Rh8 0-1

[Event "Madrid San Viator op-B 25th"]
[Site "Madrid"]
[Date "2015.10.04"]
[Round "1"]
[White "Lianes Garcia, Alicia"]
[Black "Marcelo de la Mata, Daniel"]
[Result "0-1"]
[WhiteElo "1359"]
[BlackElo "1656"]
[PlyCount "94"]
[EventDate "2015.10.04"]
[EventType "swiss"]
[EventRounds "9"]
[EventCountry "ESP"]
[SourceTitle "EXT 2019"]
[Source "ChessBase"]
[SourceDate "2018.10.10"]
[SourceVersion "1"]
[SourceVersionDate "2018.10.10"]
[SourceQuality "1"]

1. e4 c6 2. d4 d5 3. Nc3 dxe4 4. Nxe4 Bf5 5. Ng3 Bg6 6. Bc4 Nf6 7. N1e2 e6 8. 0-0 Bd6 9. f4 0-0 10. f5 exf5 11. Nxf5 Nd5 12. Bxd5 cxd5 13. Nc3 Bb4 14. Bd2 Bxc3 15. Bxc3 Qd7 16. Qg4 Re8 17. Rae1 Re6 18. Bb4 Nc6 19. Bc5 Rae8 20. Nd6 Rd8 21. Rxe6 Qxe6 22. Qxe6 fxe6 23. Nxb7 Rb8 24. c3 h6 25. Nd6 Rxb2 26. Rf8+ Kh7 27. a3 Bd3 28. Nc8 Rb1+ 29. Kf2 Rb2+ 30. Kg3 a6 31. Rf3 Be4 32. Rf2 Rb3 33. Nd6 Rxc3+ 34. Kf4 e5+ 35. Kg4 exd4 36. Bb4 Nxb4 37. axb4 Rb3 38. Re2 d3 39. Rd2 Rxb4 40. Nf5 Bxg2+ 41. Kg3 Be4 42. Ne3 g5 43. Nd1 a5 44. Nc3 a4 45. Ra2 Rb3 46. Nxa4 d2+ 47. Kf2 d1Q 0-1

[Event "Madrid-ch Previa-A"]
[Site "Madrid"]
[Date "2014.02.17"]
[Round "7"]
[White "Marcelo de la Mata, Daniel"]
[Black "Boni De Aristizabal, Marco"]
[Result "0-1"]
[WhiteElo "1668"]
[BlackElo "1756"]
[PlyCount "48"]
[EventDate "2014.02.03"]
[EventType "swiss"]
[EventRounds "9"]
[EventCountry "ESP"]
[SourceTitle "EXT 2015"]
[Source "ChessBase"]
[SourceDate "2014.11.20"]
[SourceVersion "1"]
[SourceVersionDate "2014.11.20"]
[SourceQuality "1"]

1. e4 Nf6 2. Nc3 d5 3. exd5 g6 4. Bc4 Nbd7 5. Nf3 Nb6 6. Bb3 Bg7 7. 0-0 Nbxd5 8. Nxd5 Nxd5 9. d4 c6 10. Re1 e6 11. c4 Nb6 12. d5 0-0 13. dxc6 bxc6 14. Qe2 Qc7 15. Bg5 a5 16. c5 Nd5 17. Bc4 Qa7 18. Rac1 Qxc5 19. Bxd5 Qxd5 20. Red1 Qxa2 21. Rxc6 Qxb2 22. Qe4 Bb7 23. Be7 Rfe8 24. Rd8 Raxd8 0-1

[Event "Madrid-ch Previa-A"]
[Site "Madrid"]
[Date "2014.02.10"]
[Round "4"]
[White "Marcelo de la Mata, Daniel"]
[Black "Ojosnegros Martin, Angel"]
[Result "1-0"]
[WhiteElo "1668"]
[BlackElo "1532"]
[PlyCount "55"]
[EventDate "2014.02.03"]
[EventType "swiss"]
[EventRounds "9"]
[EventCountry "ESP"]
[SourceTitle "EXT 2015"]
[Source "ChessBase"]
[SourceDate "2014.11.20"]
[SourceVersion "1"]
[SourceVersionDate "2014.11.20"]
[SourceQuality "1"]

1. e4 e5 2. Nc3 Nf6 3. f4 d5 4. fxe5 Nxe4 5. Nf3 Nxc3 6. dxc3 Be7 7. Bf4 c5 8. Bb5+ Nc6 9. 0-0 Be6 10. b3 Qc7 11. Qe1 0-0-0 12. Bd3 h6 13. c4 dxc4 14. Bxc4 Rhf8 15. Qe2 g5 16. Bg3 Qb6 17. c3 g4 18. Nh4 Bxh4 19. Bxh4 Bxc4 20. bxc4 Rde8 21. Qxg4+ Kb8 22. Qg7 Nxe5 23. Bg3 Qd6 24. Rad1 Qe7 25. Rde1 f6 26. Rxe5 fxe5 27. Rxf8 Qxg7 28. Rxe8+ 1-0

[Event "Collado Villalba op-B 29th"]
[Site "Collado Villalba"]
[Date "2012.08.30"]
[Round "7"]
[White "Marcelo de la Mata, Daniel"]
[Black "Neila Ausin, Eva"]
[Result "0-1"]
[WhiteElo "1687"]
[BlackElo "1738"]
[PlyCount "80"]
[EventDate "2012.08.24"]
[EventType "swiss"]
[EventRounds "9"]
[EventCountry "ESP"]
[SourceTitle "CBM 150 Extra"]
[Source "ChessBase"]
[SourceDate "2012.10.19"]
[SourceVersion "1"]
[SourceVersionDate "2012.10.19"]
[SourceQuality "1"]

1. Nf3 Nf6 2. d4 d5 3. Nbd2 Bf5 4. e3 h6 5. Bd3 Bxd3 6. cxd3 e6 7. 0-0 c5 8. e4 cxd4 9. Qa4+ Qd7 10. Qxd7+ Nbxd7 11. Nxd4 Bc5 12. N4b3 Bb6 13. exd5 Nxd5 14. Nc4 Bd8 15. Nd6+ Ke7 16. Nxb7 Bb6 17. d4 Nb4 18. Be3 Rac8 19. Rfd1 Rc2 20. Rd2 Rxd2 21. Nxd2 Nc2 22. Rd1 Bxd4 23. Bxd4 Nxd4 24. Nc4 Nf5 25. Nba5 Rc8 26. b4 f6 27. g3 e5 28. Kf1 Nd4 29. a3 Rc7 30. Rd2 Nb6 31. Ne3 Ke6 32. Ra2 Nd5 33. Nxd5 Kxd5 34. a4 Ke4 35. b5 Rc3 36. Kg2 Kd5 37. h4 Kd6 38. Rb2 Kc7 39. Rb4 Kb6 40. Nc4+ Kc5 0-1

[Event "Collado Villalba op-B 29th"]
[Site "Collado Villalba"]
[Date "2012.08.26"]
[Round "3"]
[White "Marcelo de la Mata, Daniel"]
[Black "Suarez Paz, Alfonso"]
[Result "1/2-1/2"]
[WhiteElo "1687"]
[BlackElo "1857"]
[PlyCount "64"]
[EventDate "2012.08.24"]
[EventType "swiss"]
[EventRounds "9"]
[EventCountry "ESP"]
[SourceTitle "CBM 150 Extra"]
[Source "ChessBase"]
[SourceDate "2012.10.19"]
[SourceVersion "1"]
[SourceVersionDate "2012.10.19"]
[SourceQuality "1"]

1. Nf3 Nf6 2. d4 d5 3. Bg5 e6 4. Nbd2 Be7 5. e3 Nbd7 6. Bd3 c5 7. c3 b6 8. 0-0 Bb7 9. Ne5 Nxe5 10. dxe5 Ne4 11. Bxe7 Qxe7 12. Bb5+ Kf8 13. Nxe4 dxe4 14. Qa4 a6 15. Bc6 Qc7 16. Bxe4 b5 17. Qc2 Ke7 18. Rad1 Rad8 19. Bxb7 Qxb7 20. f4 g6 21. Qf2 Qc7 22. Qh4+ Ke8 23. Qf6 Rg8 24. e4 c4 25. Kf2 Qc5+ 26. Kf3 Rd3+ 27. Rxd3 cxd3 28. Rf2 h5 29. Rd2 Qg1 30. h3 Qe1 31. Rxd3 Qf1+ 32. Ke3 Qe1+ 1/2-1/2

[Event "Madrid-ch Previa-A"]
[Site "Madrid"]
[Date "2010.11.17"]
[Round "5"]
[White "Marcelo de la Mata, Daniel"]
[Black "Diaz Begonte, Manuel"]
[Result "0-1"]
[WhiteElo "1684"]
[BlackElo "1781"]
[PlyCount "74"]
[EventDate "2010.11.10"]
[EventType "swiss"]
[EventRounds "9"]
[EventCountry "ESP"]
[SourceTitle "EXT 2012"]
[Source "ChessBase"]
[SourceDate "2011.11.24"]
[SourceVersion "1"]
[SourceVersionDate "2011.11.24"]
[SourceQuality "1"]

1. d4 d5 2. b3 g6 3. Nd2 Bg7 4. e3 c5 5. Bb2 Nc6 6. Ngf3 Nh6 7. Bb5 0-0 8. 0-0 Nf5 9. c3 cxd4 10. cxd4 Bd7 11. Rc1 Rc8 12. Be2 h5 13. Nb1 Nd6 14. Nc3 e6 15. Ba3 Be8 16. Nb5 Nxb5 17. Bxf8 Bxf8 18. Bxb5 a6 19. Be2 f6 20. Ne1 Rc7 21. Nd3 Bd6 22. f4 Rg7 23. Nc5 Qe7 24. Bf3 Bf7 25. Rf2 e5 26. fxe5 fxe5 27. Na4 e4 28. Be2 Qc7 29. g3 Be6 30. Nc5 Bh3 31. Bf1 Bxg3 32. Bxh3 Bxf2+ 33. Kxf2 Qxh2+ 34. Ke1 Qxh3 35. Qe2 Rf7 36. Nxa6 Qg3+ 37. Kd1 Rf2 0-1

[Event "Madrid-ch Previa-A"]
[Site "Madrid"]
[Date "2009.11.16"]
[Round "7"]
[White "Marcelo de la Mata, Daniel"]
[Black "Franco Rincon, David"]
[Result "0-1"]
[WhiteElo "1632"]
[BlackElo "1824"]
[PlyCount "164"]
[EventDate "2009.11.02"]
[EventType "swiss"]
[EventRounds "9"]
[EventCountry "ESP"]
[SourceTitle "EXT 2010"]
[Source "ChessBase"]
[SourceDate "2010.11.25"]
[SourceVersion "1"]
[SourceVersionDate "2010.11.25"]
[SourceQuality "1"]

1. e4 e5 2. Nf3 Nc6 3. Bb5 a6 4. Bxc6 dxc6 5. 0-0 Bg4 6. h3 h5 7. Nc3 Qf6 8. d3 Bxf3 9. Qxf3 Qxf3 10. gxf3 Bd6 11. Be3 Ne7 12. d4 g5 13. Rfd1 0-0-0 14. Kf1 Rdg8 15. Ke2 f5 16. dxe5 Bxe5 17. Bd4 Ng6 18. Bxe5 Nxe5 19. Rg1 Ng6 20. Rh1 Re8 21. Rag1 Rhg8 22. a3 Nf4+ 23. Ke3 Nd5+ 24. Kd3 Nxc3 25. bxc3 Re5 26. Rb1 Rd8+ 27. Ke3 Rde8 28. h4 g4 29. fxg4 Rxe4+ 30. Kf3 fxg4+ 31. Kg3 Rf8 32. Rb3 Rf3+ 33. Kg2 Re2 34. Rf1 Rxc2 35. Kg1 Rcxc3 36. Rxc3 Rxc3 37. Ra1 Kd7 38. a4 Ke6 39. Re1+ Kf5 40. Re7 Rb3 41. Rxc7 g3 42. Rg7 gxf2+ 43. Kxf2 Rb4 44. Kg3 Kf6 45. Rg5 Rxa4 46. Rxh5 Kg6 47. Rg5+ Kh6 48. Rc5 Ra1 49. Kf4 Rf1+ 50. Ke5 Kh5 51. Rc4 Rb1 52. Kd6 a5 53. Ra4 Rb5 54. Kc7 Kg6 55. Kd6 Kf6 56. Rf4+ Rf5 57. Ra4 Rb5 58. Rf4+ Kg7 59. Ra4 Kf8 60. Kc7 c5 61. Kd6 b6 62. Kc6 Rb4 63. Ra3 Kg7 64. Ra1 Kh6 65. Rh1 a4 66. Ra1 Kh5 67. Ra3 Kxh4 68. Kd5 Kg4 69. Kc6 Kf4 70. Kd5 Kf5 71. Rf3+ Rf4 72. Ra3 Rd4+ 73. Kc6 Rb4 74. Kd5 Kf4 75. Kc6 Ke5 76. Re3+ Kd4 77. Ra3 b5 78. Ra1 Rb3 79. Rd1+ Kc4 80. Rc1+ Rc3 81. Rb1 b4 82. Kb6 a3 0-1

[Event "Madrid-ch Previa-A"]
[Site "Madrid"]
[Date "2008.11.12"]
[Round "6"]
[White "Marcelo de la Mata, Daniel"]
[Black "Poblador Dieguez, Alfredo"]
[Result "1-0"]
[WhiteElo "1507"]
[BlackElo "1654"]
[PlyCount "53"]
[EventDate "2008.11.03"]
[EventType "swiss"]
[EventRounds "9"]
[EventCountry "ESP"]
[SourceTitle "CBM 127 Extra"]
[Source "ChessBase"]
[SourceDate "2009.01.08"]
[SourceVersion "2"]
[SourceVersionDate "2009.01.28"]
[SourceQuality "1"]

1. c4 e5 2. Nc3 Nf6 3. d3 c6 4. g3 d5 5. cxd5 Nxd5 6. Bg2 Nxc3 7. bxc3 Be6 8. Nf3 f6 9. 0-0 Be7 10. Be3 0-0 11. Qb1 Qc7 12. d4 Nd7 13. dxe5 fxe5 14. Ng5 Bf5 15. Qb3+ Kh8 16. Nf7+ Rxf7 17. Qxf7 Bf6 18. Qb3 Nb6 19. Rfd1 e4 20. Bd4 Bxd4 21. cxd4 Nd5 22. e3 Rb8 23. Rdc1 Qe7 24. Rxc6 Nb4 25. Rc5 Be6 26. Qxb4 b6 27. Rc8+ 1-0